00621 2200217 4500001002100000005001500021035002000036245006000056100001900116250001100135300003900146260003600185082001000221084001600231020001600247600004300263600003500306600003100341505001100372990002000383INLIS00000000000469320231109084043 a0010-11230000441 aSains Untik Pemula Mempelajari Indera /cRebecca Treays0 aRebecca Treays aCet 10 a32 hlm, :bilus ;c20,6 x 27,2 cm. aBandung; :bPakar Raya;,c2009. a610.8 a610.8 REB s a979534205-3 aPengalih Bahasa,Ervina Yudha Kusuma SS aPenyunting Bahasa,Ir Rudiyanto aPewajah Ulang,Artha Argisa aIndeks a12893/P/BL/2016